• 首页
  • 本馆介绍
  • 公告通知
  • 最新文献
  • 馆藏检索
  • 电子资源
  • 读者导购
  • 参考咨询
  • 我的图书馆
  • 登录
  • 详细信息显示
  • 放入我的书架
  • 预约/预借图书
  • 作者相关作品
  • 分类相关作品
  • 丛书相关作品
  • 出版社相关作品

书目信息

  • 表格格式
  • 工作单格式
  • 卡片格式
题名:
日本产摩托车电路系统的维修与调整
    
 
作者: 陈铁君 , 黎佐治 著
分册:  
出版信息: 北京   中国友谊出版公司  1985.10
页数: 220页
开本: 20cm
丛书名:
单 册:
中图分类: U483
科图分类:
主题词: 道路--运输--工具
电子资源:
ISBN:
000 00666nam0 2200217 45
001 0312221749
005 20040514084336.1
010    @dCNY1.60
091    @a15309.3
100    @a20031222d1985 km y0chiy0120 ea
101    @achi
105    @a z 000yy
200 1  @a日本产摩托车电路系统的维修与调整@ARi Ben Chan Mo Tuo Che Dian Lu Xi Tong De Wei Xiu Yu Diao Zheng@f(香港)陈铁君,黎佐治著@F(Xiang Gang)Chen Tie Jun,Li Zuo Zhi Zhu
210    @a北京@c中国友谊出版公司@d1985.10
215    @a220页@d20cm
606 0  @a道路@x运输@x工具
690    @aU483@v3
701 0  @a陈铁君@4著
701 0  @a黎佐治@4著
801    @aCN@bTSTCL@c20031222
905    @dU483@e48@f1@b241441
    
    日本产摩托车电路系统的维修与调整/(香港)陈铁君,黎佐治著.-北京:中国友谊出版公司,1985.10
    220页;20cm
    
    
    ISBN :CNY1.60
    
●
相关链接 在E读中查询图书 在五车中查询图书 在当当中查询图书 在豆瓣中查询图书


正题名:日本产摩托车电路系统的维修与调整     索取号:U483/48         预约/预借

序号 登录号 条形码 馆藏地/架位号 状态 备注
1 0241441   001486617   第二样本阅览室/ [索取号:U483/48] 在馆    
唐山师范学院图书馆 欢迎您!
大连网信软件有限公司© 版权所有